The common law of obligations / (Record no. 4350)
[ view plain ]
| 000 -LEADER | |
|---|---|
| fixed length control field | 01335cam a22003372 4500 |
| 001 - CONTROL NUMBER | |
| control field | 0000021525 |
| 005 - DATE AND TIME OF LATEST TRANSACTION | |
| control field | 20151217145939.0 |
| 008 - FIXED-LENGTH DATA ELEMENTS--GENERAL INFORMATION | |
| fixed length control field | 120710s xx 000 0 eng d |
| 020 ## - INTERNATIONAL STANDARD BOOK NUMBER | |
| International Standard Book Number | 0406904140 : |
| 040 ## - CATALOGING SOURCE | |
| Original cataloging agency | KABU |
| Transcribing agency | KABU |
| 100 1# - MAIN ENTRY--PERSONAL NAME | |
| Personal name | Cooke, John. |
| -- | 0000182443 |
| 245 14 - TITLE STATEMENT | |
| Title | The common law of obligations / |
| Statement of responsibility, etc. | John Cooke, David Oughton. |
| 250 ## - EDITION STATEMENT | |
| Edition statement | 3rd ed. |
| 260 ## - PUBLICATION, DISTRIBUTION, ETC. (IMPRINT) | |
| Place of publication, distribution, etc. | Oxford : |
| Name of publisher, distributor, etc. | O. U. P, |
| Date of publication, distribution, etc. | 2000. |
| 300 ## - PHYSICAL DESCRIPTION | |
| Extent | lviii, 676 p. |
| 650 #0 - SUBJECT ADDED ENTRY--TOPICAL TERM | |
| Topical term or geographic name as entry element | Obligations (law) |
| Geographic subdivision | Great Britain. |
| -- | 0000182444 |
| 650 #0 - SUBJECT ADDED ENTRY--TOPICAL TERM | |
| Topical term or geographic name as entry element | Liability (Law) |
| Geographic subdivision | Great Britain. |
| -- | 0000182198 |
| 650 #0 - SUBJECT ADDED ENTRY--TOPICAL TERM | |
| Topical term or geographic name as entry element | Damages |
| Geographic subdivision | Great Britain. |
| -- | 0000182445 |
| 700 1# - ADDED ENTRY--PERSONAL NAME | |
| Personal name | Oughton, David. |
| -- | 0000182287 |
| 852 1# - LOCATION | |
| -- | p5,655 KES |
| 852 1# - LOCATION | |
| -- | p5,655 KES |
| 852 1# - LOCATION | |
| -- | p5,655 KES |
| 852 1# - LOCATION | |
| -- | p5,655 KES |
| 852 1# - LOCATION | |
| -- | p5,655 KES |
| 852 1# - LOCATION | |
| -- | p12538 KES |
| 852 1# - LOCATION | |
| -- | p8483 KES |
| 852 1# - LOCATION | |
| -- | p8483 KES |
| 852 1# - LOCATION | |
| -- | p8483 KES |
| 908 ## - PUT COMMAND PARAMETER (RLIN) | |
| Put command parameter | 120710 |
| 950 ## - LOCAL HOLDINGS (RLIN) | |
| -- | 1 |
| Withdrawn status | Lost status | Source of classification or shelving scheme | Not for loan | Home library | Current library | Date acquired | Total Checkouts | Full call number | Barcode | Date last seen | Date last checked out | Price effective from | Koha item type | Total Renewals |
|---|---|---|---|---|---|---|---|---|---|---|---|---|---|---|
| Library of Congress Classification | Kabarak, Main Campus | Kabarak, Main Campus | 17/12/2015 | 1 | KD1554 .C66 2000 c.1 | 013412 | 17/06/2016 | 10/06/2016 | 17/12/2015 | General Collection | ||||
| Library of Congress Classification | Kabarak, Main Campus | Kabarak, Main Campus | 17/12/2015 | KD1554 .C66 2000 c.2 | 013378 | 17/12/2015 | 17/12/2015 | General Collection | ||||||
| Library of Congress Classification | Kabarak, Main Campus | Kabarak, Main Campus | 17/12/2015 | KD1554 .C66 2000 c.3 | 013377 | 17/12/2015 | 17/12/2015 | General Collection | ||||||
| Library of Congress Classification | Kabarak, Main Campus | Kabarak, Main Campus | 17/12/2015 | KD1554 .C66 2000 c.4 | 013375 | 17/12/2015 | 17/12/2015 | General Collection | ||||||
| Library of Congress Classification | Kabarak, Main Campus | Kabarak, Main Campus | 17/12/2015 | KD1554 .C66 2000 c.5 | 013413 | 17/12/2015 | 17/12/2015 | General Collection | ||||||
| Library of Congress Classification | Kabarak, Main Campus | Kabarak, Main Campus | 17/12/2015 | KD1554 .C66 2000 c. 6 | 015861 | 17/12/2015 | 17/12/2015 | General Collection | ||||||
| Library of Congress Classification | Kabarak, Main Campus | Kabarak, Main Campus | 17/12/2015 | KD1554 .C66 2000 c. 7 | 016020 | 17/12/2015 | 17/12/2015 | General Collection | ||||||
| Library of Congress Classification | Kabarak, Main Campus | Kabarak, Main Campus | 17/12/2015 | KD1554 .C66 2000 c. 8 | 016021 | 17/12/2015 | 17/12/2015 | General Collection | ||||||
| Library of Congress Classification | Kabarak, Main Campus | Kabarak, Main Campus | 17/12/2015 | 1 | KD1554 .C66 2000 c. 9 | 016022 | 25/02/2025 | 11/02/2025 | 17/12/2015 | General Collection | 1 | |||
| Library of Congress Classification | Kabarak, Main Campus | Kabarak, Main Campus | 17/12/2015 | KD1554 .C66 2000 c. 10 | 016023 | 17/12/2015 | 17/12/2015 | General Collection | ||||||
| Library of Congress Classification | Kabarak, Main Campus | Kabarak, Main Campus | 17/12/2015 | 1 | KD1554 .C66 2000 c. 11 | 021403 | 17/11/2019 | 11/10/2019 | 17/12/2015 | General Collection | 1 | |||
| Library of Congress Classification | Kabarak, Main Campus | Kabarak, Main Campus | 17/12/2015 | KD1554 .C66 2000 c. 12 | 021399 | 17/12/2015 | 17/12/2015 | General Collection | ||||||
| Library of Congress Classification | Kabarak, Main Campus | Kabarak, Main Campus | 17/12/2015 | KD1554 .C66 2000 c. 13 | 021395 | 17/12/2015 | 17/12/2015 | General Collection | ||||||
| Library of Congress Classification | Kabarak, Main Campus | Kabarak, Main Campus | 17/12/2015 | KD1554 .C66 2000 c. 14 | 021397 | 17/12/2015 | 17/12/2015 | General Collection | ||||||
| Library of Congress Classification | Kabarak, Main Campus | Kabarak, Main Campus | 17/12/2015 | KD1554 .C66 2000 c. 15 | 021401 | 17/12/2015 | 17/12/2015 | General Collection |